Diseño de una vivienda unifamiliar domótica
Zapisane w:
| 1. autor: | |
|---|---|
| Format: | Książka |
| Wydane: |
[San José, Costa Rica]
2009
|
| Hasła przedmiotowe: | |
| Etykiety: |
Dodaj etykietę
Nie ma etykietki, Dołącz pierwszą etykiete!
|
MARC
| LEADER | 00000nam a2200000Ia 4500 | ||
|---|---|---|---|
| 003 | 001455 | ||
| 005 | 20240820100119.0 | ||
| 008 | 140114s2009 cr a 000 ||s d | ||
| 040 | |c cru CEDI | ||
| 090 | |a TFG 5974 | ||
| 100 | |a Avilés Carranza, Roberto, 1937- |d Director del TFG |9 3548 | ||
| 245 | |a Diseño de una vivienda unifamiliar domótica | ||
| 260 | |c 2009 |b [San José, Costa Rica] | ||
| 300 | |a viii, 59 hojas; ilustraciones | ||
| 500 | |a Proyecto de graduación (bachillerato ingeniería eléctrica)--Universidad de Costa Rica. Facultad de Costa Rica. Escuela Ingeniería Eléctrica | ||
| 650 | |x EDIFICIOS INTELIGENTES |x SISTEMAS DE CONTROL DIGITAL |x CONTROL AUTOMATICO |x ARQUITECTURA |x INNOVACIONES TECNOLOGICAS |x VIVIENDAS |x PROGRAMAS |x UTOMATIZACION |9 3549 | ||
| 942 | |c TFG | ||
| 999 | |c 16254 |d 16254 | ||
